00553nam a2200181Ia 450000500170000000800410001702000110005804000190006904100120008808200130010010000200011324500780013326000390021130000370025050400250028765000490031285000100036120240422134001.0131103s9999 xx 000 0 und d cRs 150 aLoreto College aEnglish a519bMUK aMukherjee, Arup aFundamental treatise on probability and statisticscby Dr. Arup Mukherjee aKolkatabSreetara Prakashanic2003 aiv,345pb graphs, charts, tables aWith question papers aProbability, Statistics, Applied Mathematics aLCLIB